Sborník geologických věd. HIG, Hydrogeologie, inženýrská geologie

Korporativní autor: Český geologický ústav
Další autoři: Ústřední ústav geologický
Jazyk: Němčina
Slovenština
Čeština
Angličtina
Vydáno: Praha : Československá akademie věd, 1964-^^^^
Témata:
Fyzický popis: ^^^sv. ; 29 cm
Odebírané ročníky: 1964-
Odebírané svazky: 1-
Noviny a časopisy
Uloženo v:
LEADER 04368nas a22006612a 4500
001 000152859
003 CZ BrMZK
005 20070112113455.0
007 ta
008 010907c19649999xr x p 0 a0cze d
022 |a 0036-5289 
040 |a BOA001  |b cze 
041 1 |a cze  |a slo  |a eng  |a ger 
080 |a 556.3(05)  |2 MRF 
080 |a 624.131.1(05)  |2 MRF 
210 1 |a Sb. geol. věd, Hydrogeol., inž. geol. 
222 0 |a Sborník geologických věd. Hydrogeologie, inženýrská geologie 
245 0 0 |a Sborník geologických věd.  |n HIG,  |p Hydrogeologie, inženýrská geologie 
246 3 1 |a Hydrogeologie, inženýrská geologie 
246 3 4 |a Journal of geological sciences 
260 |a Praha :  |b Československá akademie věd,  |c 1964-^^^^ 
300 |a ^^^sv. ;  |c 29 cm 
310 |a Nepravidelně 
362 0 |a Sv. 1, č. 1 (1964), 1964 
500 |a Jednotl. sv. mají i svá č. ISBN 
541 |c pv-r 
500 |a Vydav. od sv. 8 (1971): Ústřední ústav geologický v nakl. Academia. - Vydav. od sv. 20 (1994): Český geologický ústav.- Vyd. Česká geologická služba 
653 0 |a hydrogeologie  |a inženýrská geologie 
710 2 |a Český geologický ústav  |7 kn20010725062 
710 2 |a Ústřední ústav geologický  |7 kn20010725011 
902 |a 80-7075-591-1  |q (2002) 
902 |a 80-7075-660-8  |q (2006) 
910 |a BOA001  |b 03337-0485.329,HIG  |r 1964-  |s 1- 
952 |a e-xr- 
964 |a Hydrogeologie  |x časopisy 
964 |a Geologie inženýrská  |x časopisy 
990 |a SE 
996 6 |b 2610059083  |c 03337-0485.329,HIG  |d 1994 20  |v 20  |y 1994  |l MZK  |r Sklad / do 1 hodiny  |n 0  |p p.v.  |w 000152859  |u 000030  |a 1  |e BOA001  |j MZK50  |s P 
996 6 |b 2610151115  |c 03337-0485.329,HIG  |d 2001 21  |v 21  |y 2001  |l MZK  |r Sklad / do 1 hodiny  |n 0  |p p.v.  |w 000152859  |u 000040  |a 1  |e BOA001  |j MZK50  |s P 
996 6 |b 2610189804  |c 03337-0485.329,HIG  |d 2002 22  |v 22  |y 2002  |l MZK  |r Sklad / do 1 hodiny  |n 1  |p p.v.  |w 000152859  |u 000200  |a 1  |e BOA001  |j MZK50  |s P 
996 6 |b 2610299755  |c 03337-0485.329,HIG  |d 2006 23  |v 23  |y 2006  |l MZK  |r Sklad / do 1 hodiny  |n 1  |p p.v.  |w 000152859  |u 000210  |a 1  |e BOA001  |j MZK50  |s P 
996 6 |b 2619691220  |c 03337-0485.329,HIG  |d 1991 19  |v 19  |y 1991  |l MZK  |r Sklad / do 1 hodiny  |n 0  |w 000152859  |u 000190  |a 1  |e BOA001  |j MZK50  |s P 
996 6 |b 2619691221  |c 03337-0485.329,HIG  |d 1986 18  |v 18  |y 1986  |l MZK  |r Sklad / do 1 hodiny  |n 1  |w 000152859  |u 000180  |a 1  |e BOA001  |j MZK50  |s P 
996 6 |b 2619691222  |c 03337-0485.329,HIG  |d 1983 17  |v 17  |y 1983  |l MZK  |r Sklad / do 1 hodiny  |n 0  |w 000152859  |u 000170  |a 1  |e BOA001  |j MZK50  |s P 
996 6 |b 2619691223  |c 03337-0485.329,HIG  |d 1982 16  |v 16  |y 1982  |l MZK  |r Sklad / do 1 hodiny  |n 1  |w 000152859  |u 000160  |a 1  |e BOA001  |j MZK50  |s P 
996 6 |b 2619691224  |c 03337-0485.329,HIG  |d 1981 15  |v 15  |y 1981  |l MZK  |r Sklad / do 1 hodiny  |n 0  |w 000152859  |u 000150  |a 1  |e BOA001  |j MZK50  |s P 
996 6 |b 2619691225  |c 03337-0485.329,HIG  |d 1980 14  |v 14  |y 1980  |l MZK  |r Sklad / do 1 hodiny  |n 0  |w 000152859  |u 000140  |a 1  |e BOA001  |j MZK50  |s P 
996 6 |b 2619691226  |c 03337-0485.329,HIG  |d 1976 13  |v 13  |y 1976  |l MZK  |r Sklad / do 1 hodiny  |n 0  |w 000152859  |u 000130  |a 1  |e BOA001  |j MZK50  |s P 
996 6 |b 2619691227  |c 03337-0485.329,HIG  |d 1974 11  |v 11  |y 1974  |l MZK  |r Sklad / do 1 hodiny  |n 3  |w 000152859  |u 000120  |a 1  |e BOA001  |j MZK50  |s P 
996 6 |b 2619691228  |c 03337-0485.329,HIG  |d 1972 10  |v 10  |y 1972  |l MZK  |r Sklad / do 1 hodiny  |n 0  |w 000152859  |u 000110  |a 1  |e BOA001  |j MZK50  |s P 
996 6 |b 2619691229  |c 03337-0485.329,HIG  |d 1972 9  |v 9  |y 1972  |l MZK  |r Sklad / do 1 hodiny  |n 0  |w 000152859  |u 000100  |a 1  |e BOA001  |j MZK50  |s P 
996 6 |b 2619691230  |c 03337-0485.329,HIG  |d 1971 8  |v 8  |y 1971  |l MZK  |r Sklad / do 1 hodiny  |n 2  |w 000152859  |u 000090  |a 1  |e BOA001  |j MZK50  |s P 
996 6 |b 2619691231  |c 03337-0485.329,HIG  |d 1970 7  |v 7  |y 1970  |l MZK  |r Sklad / do 1 hodiny  |n 1  |w 000152859  |u 000080  |a 1  |e BOA001  |j MZK50  |s P 
996 6 |b 2619691232  |c 03337-0485.329,HIG  |d 1968 6  |v 6  |y 1968  |l MZK  |r Sklad / do 1 hodiny  |n 1  |w 000152859  |u 000070  |a 1  |e BOA001  |j MZK50  |s P 
996 6 |b 2619691233  |c 03337-0485.329,HIG  |d 1966 4-5  |v 4-5  |y 1966  |l MZK  |r Sklad / do 1 hodiny  |n 0  |w 000152859  |u 000060  |a 1  |e BOA001  |j MZK50  |s P 
996 6 |b 2619691234  |c 03337-0485.329,HIG  |d 1965 2-3  |v 2-3  |y 1965  |l MZK  |r Sklad / do 1 hodiny  |n 0  |w 000152859  |u 000050  |a 1  |e BOA001  |j MZK50  |s P 
996 6 |b 2619745301  |c 03337-0485.329,HIG  |d 1975 12  |v 12  |y 1975  |l MZK  |r Sklad / do 1 hodiny  |n 1  |p p.v.  |w 000152859  |u 000020  |a 1  |e BOA001  |j MZK50  |s P 
996 6 |b 2619930884  |c 03337-0485.329,HIG  |d 1964 1  |v 1  |y 1964  |l MZK  |r Sklad / do 1 hodiny  |n 3  |w 000152859  |u 000010  |a 1  |e BOA001  |j MZK50  |s P